Statistiques concernant Quiz sur les Hauts-de-Seine

Cliquez ici pour prendre le quiz!

Statistiques générales

  • Ce quiz a été pris 94 fois
  • Le résultat moyen est 15 sur 20

Statistiques - réponses

Question% Correct
Numéro du département92
100%
RégionIle-de-France
100%
PréfectureNanterre
95%
Yvelines
90%
Sous-préfecture et plus grande villeBoulogne-Billancourt
89%
Premier quartier d'affaires de France et d'Europe pour l'étendu de son parc de bureaux.La Défense
89%
Départements limitrophesParis
89%
Val-d'Oise
89%
Seine-Saint-Denis
87%
Essonne
84%
Val-de-Marne
84%
Ancien député des Hauts-de-Seine devenu président de la république.Nicolas Sarkozy
82%
Autre sous-préfectureAntony
77%
Film mettant en scène un jeune d'une cité de Bourgogne découvrant les quartiers chics des Hauts-de-Seine.Neuilly sa mère !
73%
Commune accueillant le premier port fluvial de France et le deuxième d'EuropeGennevilliers
68%
Commune la moins peuplée du département connue pour être le lieu de résidence de nombreuses stars dont Johnny Hallyday qui possédait la Savannah.Marnes-la-Coquette
68%
Ancien département auquel appartenait 9 communes des actuels Hauts-de-Seine.Seine-et-Oise
63%
Ville connue pour sa manufacture de porcelaine créée en 1740 et indissociable de la couleur bleue.Sèvres
60%
GentiléAltoséquanais
37%
Nombre d'habitants (arrondi à la dizaine de milliers d'habitants)1 620 000 (1 619 120)
24%

Distribution des résultats

Percentile par nombre de réponses

% des personnes avec chaque résultat

Votre développement - résultats

Vous n’avez pas pris ce quiz